000 00374nam a2200145Ia 4500
008 230917s9999||||xx |||||||||||||| ||und||
040 _e159950
_aMAIN
041 _aEnglish
082 _a338.4791 C399H
100 _aChawla, Romila, ed.
245 0 _aHeritage tourism and development
260 _aNew Delhi
_bSonali Publications
_c2004
300 _a308 p.
942 _cBK
999 _c130111
_d130111